000 00341nam a22001217a 4500
040 _cHS
082 _a630
100 _aសាន សុគន្ធា
245 _aAgircultural extension ការផ្សព្វផ្សាយកសិកម្ម
260 _aRUA
_bសាន សុគន្ធា
_cNA
300 _a147p;
942 _cKB
999 _c9746
_d9746